Los libros del tesoro. libro iii (fragmentos) /
Guardado en:
| Autor Principal: | |
|---|---|
| Formato: | Libro |
| Publicado: |
Buenos Aires :
Fac. Filosofia Y Letras, Uba,
1960
|
| Series: | Historia Social, 17
|
| Materias: | |
| Etiquetas: |
Agregar Etiqueta
Sin Etiquetas, Sea el primero en etiquetar este registro!
|
| LEADER | 00610nam a22001815a 4500 | ||
|---|---|---|---|
| 001 | EHU.bham024702 | ||
| 003 | AR-BHAM | ||
| 005 | 20130507154554.0 | ||
| 008 | 130507s1960##################000#0#####d | ||
| 082 | 9 | 0 | |a 900 |
| 100 | 1 | |a Latini, Brunetto | |
| 245 | 1 | 0 | |a Los libros del tesoro. libro iii (fragmentos) / |c Brunetto Latini |
| 260 | |a Buenos Aires : |b Fac. Filosofia Y Letras, Uba, |c 1960 | ||
| 300 | |a 9 p. | ||
| 490 | 0 | |a Historia Social, 17 | |
| 653 | |a Historia | ||
| 859 | |a AR-BHAM |b BIB. HUMANIDADES - General |h 900 |i H629 |p 1150.61 |t Ej.1 |v 17 |3 17 | ||
| 859 | |a AR-BHAM |b BIB. HUMANIDADES - General |h 900 |i H629 |p 767.64 |t Ej.1 |v 17 |3 17 | ||
